000 00651nam a22001937a 4500
005 20240530110925.0
008 220221s2008 ua c g b 000 0 ara d
020 _a9789776282179
040 _aEG-CaGPL
_cEG-CaGPL
082 0 4 _221
_a811.09 /
_bع ا
100 0 _aعبدالله الشوربجى
245 1 0 _aابو لهب يعتنى باظافره :
_bشعر /
_cعبدالله الشوربجى
260 _aالقاهرة :
_bمركز نهر النيل للنشر ،
_c2008
300 _a95 ص؛
_c20 سم
650 0 7 _aالشعر
_2qrmak
650 0 7 _aالادب
_2qrmak
942 _2ddc
_cBK
999 _c66551
_d66551